[Event "CCT Play-in Chessable Masters 2024"]
[Site "Online"]
[Date "2024.01.31"]
[Round "5"]
[White "Bharath Subramaniyam H"]
[Black "Salgado Lopez, Ivan"]
[Result "1/2-1/2"]
[WhiteElo "2515"]
[BlackElo "2608"]
[Annotator "RC"]
[PlyCount "212"]
[EventDate "2024.01.26"]
[EventType "swiss"]
[EventCountry "NET"]
[SourceTitle "playchess.com"]
[Source "ChessBase"]
[SourceQuality "1"]

1. e4 e6 2. d4 d5 3. Bd3 dxe4 4. Bxe4 Nf6 5. Bf3 Bd6 6. Ne2 O-O 7. O-O Nbd7 8. Nbc3 c6 9. Ng3 Qc7 10. Kh1 Rd8 11. Qe2 h6 12. Rd1 Rb8 13. a4 b6 14. Nge4 Nxe4 15. Nxe4 Bf4 16. Bxf4 Qxf4 17. a5 bxa5 18. b3 Qc7 19. Qd2 Rb4 20. Qc3 c5 21. Nxc5 e5 22. dxe5 Re8 23. Ne4 Qxc3 24. Nxc3 Rxe5 25. Bc6 Nb6 26. Nd5 Nxd5 27. Rxd5 Rxd5 28. Bxd5 Rd4 29. c4 Bf5 30. h3 Bc2 31. Ra3 a6 32. Bb7 a4 33. bxa4 a5 34. Ba6 Rd3 35. Ra2 Bb3 36. Ra1 Rc3 37. Rb1 Bxc4 38. Rb8+ Kh7 39. Ra8 Bxa6 40. Rxa6 Rc5 41. Kh2 g5 42. Kg3 Kg7 43. Kf3 h5 44. Ke3 h4 45. Kf3 f6 46. g3 Kg6 47. gxh4 gxh4 48. Ra8 Kf5 49. Rh8 Rc3+ 50. Kg2 Kg5 51. Rg8+ Kf5 52. Rg4 Rb3 53. Rxh4 Ke5 54. Rc4 Kd5 55. Rf4 Ke5 56. Rg4 Rb4 57. Kg3 f5 58. Rh4 f4+ 59. Kf3 Rxa4 60. Rh5+ Kf6 61. Rb5 Ra3+ 62. Kg4 a4 63. f3 Ra1 64. Kxf4 a3 65. Rb6+ Kg7 66. Ra6 a2 67. h4 Rh1 68. Rxa2 Rxh4+ 69. Kg5 Rb4 70. Ra7+ Kf8 71. Ra8+ Kf7 72. Ra7+ Kf8 73. Ra6 Kf7 74. f4 Rb1 75. Ra7+ Kf8 76. Rc7 Rb5+ 77. Kg6 Rb6+ 78. Kg5 Rb5+ 79. Kf6 Rb6+ 80. Ke5 Rb5+ 81. Ke6 Rb6+ 82. Kd5 Rb5+ 83. Kd4 Rb4+ 84. Ke5 Rb5+ 85. Ke6 Rb6+ 86. Kf5 Rb5+ 87. Kg4 Kg8 88. Re7 Kf8 89. Rh7 Kg8 90. Rd7 Kf8 91. Kf3 Rb4 92. Ke3 Ke8 93. Rd4 Rb5 94. Ke4 Kf7 95. Rd7+ Ke6 96. Rd4 Kf6 97. Rd6+ Ke7 98. Rg6 Kf7 99. Rc6 Rb4+ 100. Kf5 Rb5+ 101. Kg4 Ra5 102. f5 Ra1 103. Rc7+ Kf6 104. Rc6+ Kf7 105. Rc7+ Kf6 106. Rc6+ Kf7 1/2-1/2

[Event "CCT Play-in Chessable Masters 2024"]
[Site "Online"]
[Date "2024.01.31"]
[Round "5"]
[White "Cuenca Jimenez, Jose Fernando"]
[Black "Troff, Kayden"]
[Result "0-1"]
[WhiteElo "2514"]
[BlackElo "2484"]
[Annotator "RC"]
[PlyCount "86"]
[EventDate "2024.01.26"]
[EventType "swiss"]
[EventCountry "NET"]
[SourceTitle "playchess.com"]
[Source "ChessBase"]
[SourceQuality "1"]

1. d4 Nf6 2. c4 g6 3. Nc3 d5 4. Nf3 Bg7 5. cxd5 Nxd5 6. e4 Nxc3 7. bxc3 c5 8. Be3 Qa5 9. Qd2 O-O 10. Rc1 Bg4 11. d5 b5 12. Be2 Nd7 13. O-O Bxf3 14. Bxf3 c4 15. Be2 Rac8 16. f4 Nc5 17. e5 Rfd8 18. Rfd1 a6 19. Bf1 Qa3 20. Qc2 Rd7 21. Bf2 Rcd8 22. Bh4 Nd3 23. Bxd3 cxd3 24. Rxd3 Rxd5 25. Rxd5 Rxd5 26. Bf2 e6 27. c4 bxc4 28. Qxc4 Bf8 29. h3 h5 30. Qc2 Qb4 31. Be3 Bh6 32. Rf1 Kg7 33. Qe2 Qe4 34. Qf3 Qxf3 35. Rxf3 Kh7 36. Rf2 Rxe5 37. Bd4 Re4 38. Be5 Rxe5 39. fxe5 Be3 40. h4 g5 41. g3 Kg6 42. Kg2 Bxf2 43. Kxf2 gxh4 0-1

[Event "CCT Play-in Chessable Masters 2024"]
[Site "Online"]
[Date "2024.01.31"]
[Round "5"]
[White "Zarnicki, Pablo"]
[Black "Warmerdam, Max"]
[Result "0-1"]
[WhiteElo "2514"]
[BlackElo "2625"]
[Annotator "RC"]
[PlyCount "100"]
[EventDate "2024.01.26"]
[EventType "swiss"]
[EventCountry "NET"]
[SourceTitle "playchess.com"]
[Source "ChessBase"]
[SourceQuality "1"]

1. e4 e5 2. Nf3 Nc6 3. Bc4 Nf6 4. Bd3 Bc5 5. O-O O-O 6. c3 d5 7. exd5 Qxd5 8. Bc2 e4 9. d4 exf3 10. dxc5 fxg2 11. Re1 Qxc5 12. Be3 Qe5 13. Nd2 Bg4 14. f3 Bf5 15. Bf2 Bxc2 16. Qxc2 Qh5 17. Kxg2 Rad8 18. Bg3 Qg6 19. Ne4 Nd5 20. Kh1 Qf5 21. Qg2 Nf4 22. Bxf4 Qxf4 23. Rad1 Ne5 24. Rxd8 Rxd8 25. Rf1 Rd3 26. Ng3 Rd2 27. Rf2 Rxf2 28. Qxf2 Qxf3+ 29. Qxf3 Nxf3 30. Kg2 Ne5 31. b3 Kf8 32. Kf1 g6 33. Ke2 f5 34. Ke3 Ke7 35. Ne2 Ng4+ 36. Kf4 Nxh2 37. Nd4 a6 38. b4 Ng4 39. Nb3 b6 40. a4 Kf6 41. c4 Ne5 42. Nd2 Nd3+ 43. Ke3 Nxb4 44. Kd4 c5+ 45. Kc3 g5 46. a5 bxa5 47. Nb3 g4 48. Nxc5 g3 49. Nd7+ Ke6 50. Nf8+ Ke7 0-1

[Event "CCT Play-in Chessable Masters 2024"]
[Site "Online"]
[Date "2024.01.31"]
[Round "5"]
[White "Bocharov, Dmitry"]
[Black "ElHelvetico"]
[Result "0-1"]
[WhiteElo "2513"]
[BlackElo "2534"]
[Annotator "RC"]
[PlyCount "82"]
[EventDate "2024.01.26"]
[EventType "swiss"]
[EventCountry "NET"]
[SourceTitle "playchess.com"]
[Source "ChessBase"]
[SourceQuality "1"]

1. c4 e6 2. g3 d5 3. Bg2 Nf6 4. Nf3 d4 5. e3 c5 6. exd4 cxd4 7. O-O Nc6 8. d3 Bd6 9. Bg5 h6 10. Bxf6 Qxf6 11. Nbd2 Qe7 12. a3 a5 13. Rc1 O-O 14. Re1 a4 15. Ne4 Bc7 16. c5 e5 17. Nfd2 Be6 18. Nc4 Na5 19. Ncd6 Nb3 20. Nxb7 Nxc1 21. Qxc1 Rab8 22. Ned6 Bb3 23. Qd2 Qd7 24. f4 Bxd6 25. Nxd6 exf4 26. Qxf4 Rfd8 27. Qxd4 Qa7 28. Re5 Be6 29. Qe3 Rd7 30. d4 Ba2 31. Re8+ Rxe8 32. Qxe8+ Kh7 33. Be4+ g6 34. Qe5 Re7 35. Qf4 Kg7 36. h4 Qa5 37. Qc1 Bd5 38. c6 Bxe4 39. c7 Rxc7 40. Qxc7 Qe1+ 41. Kh2 Qh1# 0-1

[Event "CCT Play-in Chessable Masters 2024"]
[Site "Online"]
[Date "2024.01.31"]
[Round "5"]
[White "Mitrabha, Guha"]
[Black "Kosteniuk, Alexandra"]
[Result "0-1"]
[WhiteElo "2504"]
[BlackElo "2501"]
[Annotator "RC"]
[PlyCount "80"]
[EventDate "2024.01.26"]
[EventType "swiss"]
[EventCountry "NET"]
[SourceTitle "playchess.com"]
[Source "ChessBase"]
[SourceQuality "1"]

1. Nf3 d5 2. c4 d4 3. b4 Bg4 4. g3 Bxf3 5. exf3 e6 6. b5 a6 7. bxa6 Nxa6 8. Bg2 Nf6 9. f4 c6 10. O-O Be7 11. d3 h5 12. Re1 g6 13. Nd2 Nc5 14. Nf3 Na4 15. Bd2 O-O 16. Ne5 Kg7 17. h3 Qc7 18. g4 hxg4 19. hxg4 Bd6 20. Qf3 Rh8 21. Qg3 Nc5 22. Bb4 Nfd7 23. a3 Nxe5 24. fxe5 Be7 25. Red1 Qd8 26. f4 Nd7 27. Bd2 Qc7 28. Rf1 Rag8 29. Bb4 c5 30. Bd2 Rh4 31. f5 gxf5 32. gxf5+ Kf8 33. Qe1 Rhg4 34. fxe6 Rxg2+ 35. Kh1 Nxe5 36. Bf4 Qc6 37. Qe4 Qxe6 38. Qxe5 Qh3+ 39. Bh2 Rg1+ 40. Rxg1 Qf3+ 0-1

[Event "CCT Play-in Chessable Masters 2024"]
[Site "Online"]
[Date "2024.01.31"]
[Round "5"]
[White "js20000"]
[Black "baki83"]
[Result "0-1"]
[WhiteElo "2487"]
[BlackElo "2568"]
[Annotator "NA"]
[PlyCount "122"]
[EventDate "2024.01.26"]
[EventType "swiss"]
[EventCountry "NET"]
[SourceTitle "playchess.com"]
[Source "ChessBase"]
[SourceQuality "1"]

1. d4 d5 2. c4 c6 3. Nc3 Nf6 4. cxd5 cxd5 5. Bf4 Nc6 6. e3 Bf5 7. Qb3 Na5 8. Qa4+ Bd7 9. Qc2 e6 10. Bd3 Rc8 11. Nf3 Bb4 12. O-O O-O 13. Ne5 a6 14. Bg5 Bb5 15. Bxh7+ Kh8 16. Bd3 Bxd3 17. Qxd3 Bxc3 18. bxc3 Qc7 19. Qe2 Ne4 20. Bf4 Qxc3 21. Qh5+ Kg8 22. f3 Nf6 23. Qh4 Nc4 24. Rac1 Qd2 25. Rfd1 Qxa2 26. Ra1 Qc2 27. Nd3 Qe2 28. Nc5 Nxe3 29. Bxe3 Qxe3+ 30. Kh1 b6 31. Re1 Qh6 32. Qxh6 gxh6 33. Nxa6 Rc4 34. Rab1 Nd7 35. Red1 Ra8 36. Ra1 b5 37. Ra2 Ra4 38. Rxa4 bxa4 39. Nb4 Rb8 40. Nc2 Rb2 41. Na3 Nb6 42. Kg1 Nc4 43. Ra1 Nxa3 44. Rxa3 Rb4 45. Rd3 Rb3 46. Rd1 Rb5 47. Ra1 Rb4 48. Rd1 a3 49. Ra1 Ra4 50. Ra2 Kg7 51. Kf2 Kf6 52. Ke3 e5 53. dxe5+ Kxe5 54. g3 d4+ 55. Kd3 Kd5 56. h4 Ra8 57. g4 Re8 58. Kd2 Re3 59. Rc2 Rxf3 60. Rc7 a2 61. Ra7 Rf1 0-1

[Event "CCT Play-in Chessable Masters 2024"]
[Site "Online"]
[Date "2024.01.31"]
[Round "5"]
[White "youngKID"]
[Black "Karthik Venkataraman"]
[Result "1-0"]
[WhiteElo "2485"]
[BlackElo "2609"]
[Annotator "RC"]
[PlyCount "123"]
[EventDate "2024.01.26"]
[EventType "swiss"]
[EventCountry "NET"]
[SourceTitle "playchess.com"]
[Source "ChessBase"]
[SourceQuality "1"]

1. e4 e5 2. Nf3 Nc6 3. Bb5 a6 4. Ba4 Nf6 5. O-O Be7 6. d3 d6 7. c3 O-O 8. Re1 Re8 9. Nbd2 Bf8 10. Nf1 h6 11. Ng3 b5 12. Bc2 Bb7 13. d4 Nb8 14. a4 Nbd7 15. Bd3 c6 16. b3 g6 17. h3 Qc7 18. Bb2 Bg7 19. Qc2 Rac8 20. c4 bxa4 21. Rxa4 exd4 22. Bxd4 c5 23. Bc3 Ne5 24. Nxe5 dxe5 25. Nf1 Nh5 26. Ne3 Nf4 27. Bf1 Ne6 28. Nd5 Qd6 29. b4 Nd4 30. Qb2 cxb4 31. Rxb4 Bc6 32. Rb6 Rb8 33. Bxd4 exd4 34. Rxc6 Qxc6 35. Qxb8 Rxb8 36. Ne7+ Kf8 37. Nxc6 Rb6 38. Na5 d3 39. c5 Rb5 40. Nc4 Rxc5 41. Bxd3 a5 42. e5 a4 43. Ra1 Bxe5 44. Nxe5 Rxe5 45. Rxa4 Rd5 46. Be2 Rd7 47. Bf3 Kg7 48. Rb4 Re7 49. Rb7 Re5 50. Rd7 Rf5 51. Bd5 Rf6 52. g4 Kf8 53. Kg2 g5 54. Ra7 Rf4 55. f3 Kg7 56. Kf2 Kg6 57. Ke3 Rf6 58. Rc7 Rf4 59. Be4+ Kg7 60. Rc6 Kf8 61. Rxh6 Kg7 62. Rc6 1-0

[Event "CCT Play-in Chessable Masters 2024"]
[Site "Online"]
[Date "2024.01.31"]
[Round "5"]
[White "Pakleza, Zbigniew"]
[Black "LastGladiator1"]
[Result "0-1"]
[WhiteElo "2482"]
[BlackElo "2626"]
[Annotator "RC"]
[PlyCount "100"]
[EventDate "2024.01.26"]
[EventType "swiss"]
[EventCountry "NET"]
[SourceTitle "playchess.com"]
[Source "ChessBase"]
[SourceQuality "1"]

1. d4 Nf6 2. Nf3 g6 3. Bf4 Bg7 4. e3 O-O 5. Be2 b6 6. O-O Bb7 7. h3 c5 8. c3 d6 9. Bh2 a6 10. a4 Nbd7 11. Nbd2 Qb8 12. Bd3 Rc8 13. Qe2 Bh6 14. Rfc1 Qa7 15. b4 cxb4 16. cxb4 Nd5 17. b5 axb5 18. Bxb5 N7f6 19. Nc4 Nc7 20. Qb2 Bd5 21. Ncd2 Nxb5 22. Rxc8+ Rxc8 23. Qxb5 Bc6 24. Qb3 Ra8 25. Bg3 Bxa4 26. Qc3 b5 27. e4 Qb7 28. e5 Rc8 29. Qa5 dxe5 30. Bxe5 Nd5 31. Ne4 Ra8 32. Qe1 b4 33. Nc5 Qc6 34. Nd2 Bb5 35. Nde4 Rxa1 36. Qxa1 f6 37. Bb8 Bf8 38. h4 Bc4 39. Nd2 Qb5 40. Qa8 Nb6 41. Qa7 Bd5 42. Bc7 Nc8 43. Qa5 Qe2 44. Nf1 Bc4 45. Ne3 Qe1+ 46. Kh2 Qxf2 47. Nxc4 Qxh4+ 48. Kg1 Qxd4+ 49. Kh2 Qh4+ 50. Kg1 Qxc4 0-1

[Event "CCT Play-in Chessable Masters 2024"]
[Site "Online"]
[Date "2024.01.31"]
[Round "5"]
[White "Cardoso Cardoso, Jose Gabriel"]
[Black "Rakhmanov_Aleksandr"]
[Result "0-1"]
[WhiteElo "2477"]
[BlackElo "2610"]
[Annotator "RC"]
[PlyCount "68"]
[EventDate "2024.01.26"]
[EventType "swiss"]
[EventCountry "NET"]
[SourceTitle "playchess.com"]
[Source "ChessBase"]
[SourceQuality "1"]

1. e4 c5 2. Nc3 Nc6 3. Bb5 Nd4 4. Nf3 a6 5. Bd3 g6 6. Rb1 Bg7 7. b4 d6 8. h3 Nf6 9. O-O O-O 10. Nxd4 cxd4 11. Ne2 e5 12. Ng3 h5 13. Re1 Be6 14. a3 h4 15. Nf1 Rc8 16. Bb2 Nh5 17. Be2 Nf4 18. Bf3 Qg5 19. Kh2 d3 20. cxd3 Nxd3 21. Re2 Ba2 22. Bc3 Bxb1 23. Qxb1 Nf4 24. Re1 Ne6 25. Ne3 Nd4 26. Nd5 Ne6 27. Bg4 Rce8 28. Qb3 Nf4 29. Bf3 Bh6 30. Kh1 Kh7 31. d4 exd4 32. Bd2 Qe5 33. Bxf4 Bxf4 34. Qd3 Qxd5 0-1

[Event "CCT Play-in Chessable Masters 2024"]
[Site "Online"]
[Date "2024.01.31"]
[Round "5"]
[White "Budisavljevic, Luka"]
[Black "Shankland, Sam"]
[Result "0-1"]
[WhiteElo "2475"]
[BlackElo "2674"]
[Annotator "TA"]
[PlyCount "116"]
[EventDate "2024.01.26"]
[EventType "swiss"]
[EventCountry "NET"]
[SourceTitle "playchess.com"]
[Source "ChessBase"]
[SourceQuality "1"]

1. d4 Nf6 2. c4 e6 3. Nc3 d5 4. cxd5 Nxd5 5. e4 Nxc3 6. bxc3 c5 7. Rb1 Be7 8. Nf3 O-O 9. h4 cxd4 10. cxd4 Nd7 11. h5 h6 12. Bd3 Kh8 13. Rh3 e5 14. Bb2 exd4 15. Bxd4 Bf6 16. Bc2 Qa5+ 17. Kf1 Rd8 18. Rg3 Ne5 19. Nxe5 Bxe5 20. Rd3 Bxd4 21. Rxd4 Be6 22. Bb3 Rxd4 23. Qxd4 Rd8 24. Qe3 Qxh5 25. Kg1 Bxb3 26. Qxb3 b6 27. Qa4 Qa5 28. Qxa5 bxa5 29. Rb5 Rd1+ 30. Kh2 Rd2 31. Rxa5 Rxf2 32. Rxa7 g5 33. Kg3 Rf4 34. e5 h5 35. a4 Kg8 36. Ra5 Kg7 37. Ra7 h4+ 38. Kh3 Re4 39. Ra5 Re3+ 40. Kh2 Kg6 41. Ra6+ Kg7 42. Ra5 Re4 43. Kh3 Rd4 44. Ra6 Rd3+ 45. Kh2 g4 46. e6 f5 47. e7 Re3 48. Ra7 Kf6 49. a5 Re1 50. g3 Re2+ 51. Kg1 hxg3 52. a6 f4 53. Rb7 f3 54. Rb1 Kxe7 55. Ra1 Rg2+ 56. Kf1 Rh2 57. Re1+ Kf6 58. Kg1 f2+ 0-1

[Event "CCT Play-in Chessable Masters 2024"]
[Site "Online"]
[Date "2024.01.31"]
[Round "5"]
[White "Olafsson, Helgi"]
[Black "yobdc"]
[Result "1-0"]
[WhiteElo "2471"]
[BlackElo "2326"]
[Annotator "RC"]
[PlyCount "59"]
[EventDate "2024.01.26"]
[EventType "swiss"]
[EventCountry "NET"]
[SourceTitle "playchess.com"]
[Source "ChessBase"]
[SourceQuality "1"]

1. Nf3 Nf6 2. c4 g6 3. g3 Bg7 4. Bg2 O-O 5. O-O d6 6. d4 c5 7. Nc3 Nc6 8. dxc5 dxc5 9. Bf4 Be6 10. Ne5 Nxe5 11. Bxe5 Qc8 12. Qb3 Bh3 13. Bxf6 Bxf6 14. Bxb7 Qe8 15. Bxa8 Qxa8 16. Nd5 Rb8 17. Qf3 Bxb2 18. Rab1 e6 19. Rxb2 exd5 20. Rfb1 Rxb2 21. Rxb2 Be6 22. Rd2 Qb8 23. cxd5 Qb1+ 24. Kg2 Bf5 25. Qc3 h5 26. f3 h4 27. Rb2 Bh3+ 28. Kxh3 Qf1+ 29. Kxh4 Kh7 30. Rb8 1-0

[Event "CCT Play-in Chessable Masters 2024"]
[Site "Online"]
[Date "2024.01.31"]
[Round "5"]
[White "Ohanyan, Emin"]
[Black "Oparin, Grigoriy"]
[Result "1/2-1/2"]
[WhiteElo "2456"]
[BlackElo "2664"]
[Annotator "TA"]
[PlyCount "75"]
[EventDate "2024.01.26"]
[EventType "swiss"]
[EventCountry "NET"]
[SourceTitle "playchess.com"]
[Source "ChessBase"]
[SourceQuality "1"]

1. d4 Nf6 2. c4 e6 3. Nf3 b6 4. g3 Ba6 5. b3 Bb4+ 6. Bd2 Be7 7. Nc3 d5 8. cxd5 exd5 9. Bg2 O-O 10. O-O Nbd7 11. Ne5 Bb7 12. a4 c5 13. Bf4 Rc8 14. Rc1 Re8 15. e3 cxd4 16. exd4 Nxe5 17. dxe5 Ne4 18. Nxe4 dxe4 19. Qxd8 Rexd8 20. Bh3 Rxc1 21. Rxc1 Ba3 22. Re1 Bd5 23. Rd1 Be7 24. Rb1 h5 25. Be3 f6 26. exf6 gxf6 27. Bf5 Kf7 28. h4 Bb4 29. Rd1 Ke7 30. Rc1 Bd6 31. b4 Be6 32. Bxe4 Bxb4 33. Bf3 Bf7 34. Rc7+ Rd7 35. Rc8 Rd8 36. Rc7+ Rd7 37. Rc8 Rd8 38. Rc7+ 1/2-1/2

[Event "CCT Play-in Chessable Masters 2024"]
[Site "Online"]
[Date "2024.01.31"]
[Round "5"]
[White "Gabrielian, Artur"]
[Black "Bachmann, Axel"]
[Result "0-1"]
[WhiteElo "2442"]
[BlackElo "2578"]
[Annotator "RC"]
[PlyCount "66"]
[EventDate "2024.01.26"]
[EventType "swiss"]
[EventCountry "NET"]
[SourceTitle "playchess.com"]
[Source "ChessBase"]
[SourceQuality "1"]

1. e4 d6 2. d4 Nf6 3. Nc3 g6 4. Nf3 Bg7 5. Be3 c6 6. Qd2 b5 7. Bh6 Bxh6 8. Qxh6 b4 9. Nd1 Nxe4 10. Bd3 Nf6 11. O-O Ba6 12. Re1 Bxd3 13. cxd3 Nbd7 14. Rc1 Qb6 15. Ne3 d5 16. Ng5 Rg8 17. h3 e6 18. Ng4 Ke7 19. Nxh7 Nxh7 20. Rxe6+ fxe6 21. Qxh7+ Kd6 22. Ne5 Nxe5 23. dxe5+ Kxe5 24. Qe7 Rae8 25. Re1+ Kd4 26. Qd6 e5 27. Qf6 Kc5 28. a4 Qc7 29. Qh4 a5 30. d4+ exd4 31. Rc1+ Kb6 32. Qxd4+ Kb7 33. g3 Rgf8 0-1

[Event "CCT Play-in Chessable Masters 2024"]
[Site "Online"]
[Date "2024.01.31"]
[Round "5"]
[White "Iskusnyh, Sergei"]
[Black "Frolyanov, Dmitry"]
[Result "1/2-1/2"]
[WhiteElo "2440"]
[BlackElo "2495"]
[Annotator "RC"]
[PlyCount "100"]
[EventDate "2024.01.26"]
[EventType "swiss"]
[EventCountry "NET"]
[SourceTitle "playchess.com"]
[Source "ChessBase"]
[SourceQuality "1"]

1. d4 d5 2. c4 dxc4 3. e3 Nf6 4. Bxc4 e6 5. Nf3 c5 6. O-O Nc6 7. Nc3 Be7 8. dxc5 Qxd1 9. Rxd1 Bxc5 10. Bd2 O-O 11. Rac1 Be7 12. Ng5 Bd7 13. Nge4 Rfd8 14. Be1 Nxe4 15. Nxe4 Be8 16. Be2 Rac8 17. a3 Kf8 18. Kf1 Rxd1 19. Bxd1 Rd8 20. Be2 Ne5 21. Nc5 Bc6 22. Bc3 Ng6 23. b4 Nh4 24. f3 Nf5 25. Kf2 b6 26. Nb3 Bb7 27. Nd4 Nd6 28. Bb2 Rc8 29. Rxc8+ Nxc8 30. e4 h5 31. Bb5 Nd6 32. Bd3 e5 33. Nc2 f6 34. Ne3 g6 35. Ke2 Ke8 36. Bc2 Bf8 37. Bb3 Ba6+ 38. Kf2 Be7 39. a4 b5 40. Nd5 Bd8 41. Ke3 Bb7 42. a5 a6 43. Kd3 Bc6 44. Bc1 Bd7 45. Be3 Bc6 46. Bc5 Nc8 47. Ba2 Bd7 48. Bb3 Bc6 49. Kc3 Bd7 50. Kd3 Bc6 1/2-1/2

[Event "CCT Play-in Chessable Masters 2024"]
[Site "Online"]
[Date "2024.01.31"]
[Round "5"]
[White "TomsKantans"]
[Black "Nasuta, Grzegorz"]
[Result "1-0"]
[WhiteElo "2400"]
[BlackElo "2563"]
[Annotator "RC"]
[PlyCount "111"]
[EventDate "2024.01.26"]
[EventType "swiss"]
[EventCountry "NET"]
[SourceTitle "playchess.com"]
[Source "ChessBase"]
[SourceQuality "1"]

1. e4 e5 2. Nf3 Nc6 3. d4 exd4 4. Nxd4 Nf6 5. Nc3 Bb4 6. Nxc6 bxc6 7. Qd4 Qe7 8. f3 c5 9. Qf2 O-O 10. Bd2 d5 11. O-O-O d4 12. Nb1 Rb8 13. c3 dxc3 14. Bxc3 Be6 15. a3 Bxc3 16. Nxc3 Rb3 17. Rd2 c4 18. Qxa7 Nd7 19. Be2 Nc5 20. Nd5 Bxd5 21. Rxd5 Qf6 22. Rd2 c3 23. Rc2 Rxb2 24. Rxb2 cxb2+ 25. Kb1 Qc3 26. Qxc7 Qxa3 27. Rd1 Na4 28. Kc2 Qa2 29. Rb1 Nb6 30. Rxb2 Qa4+ 31. Kb1 Nd7 32. Bb5 Qd1+ 33. Qc1 Qd6 34. Qd2 Qxd2 35. Rxd2 Ne5 36. Kc2 h6 37. Rd5 Ng6 38. g3 Rc8+ 39. Kd2 Ne7 40. Rd7 Kf8 41. f4 g6 42. h4 Ng8 43. Bd3 Nf6 44. Ra7 Rb8 45. e5 Nh5 46. Bc4 Nxg3 47. Rxf7+ Ke8 48. Rg7 Rb4 49. Kc3 Ra4 50. Rxg6 Ne4+ 51. Kd3 Nf2+ 52. Kd4 Ke7 53. f5 Ra1 54. Rg7+ Kf8 55. f6 Rd1+ 56. Ke3 1-0

[Event "CCT Play-in Chessable Masters 2024"]
[Site "Online"]
[Date "2024.01.31"]
[Round "5"]
[White "Sattarov, Bobir"]
[Black "rasmussvane"]
[Result "1/2-1/2"]
[WhiteElo "2351"]
[BlackElo "2593"]
[Annotator "RC"]
[PlyCount "173"]
[EventDate "2024.01.26"]
[EventType "swiss"]
[EventCountry "NET"]
[SourceTitle "playchess.com"]
[Source "ChessBase"]
[SourceQuality "1"]

1. d4 d5 2. Nf3 e6 3. c3 c5 4. Bf4 Bd6 5. Bg3 Nf6 6. e3 O-O 7. Nbd2 Qc7 8. Ne5 Nc6 9. f4 Ne7 10. Bd3 Nf5 11. Qf3 b6 12. Bf2 Be7 13. Ng4 Nxg4 14. Qxg4 a5 15. Qh3 Ba6 16. Bc2 cxd4 17. exd4 Qxf4 18. Nf3 h6 19. Ne5 Bg5 20. Rd1 Ne3 21. Bxe3 Qxe3+ 22. Qxe3 Bxe3 23. Nd7 Rfe8 24. Bd3 Bb7 25. Bb5 Re7 26. g3 Rd8 27. Ke2 Bg5 28. h4 Bf6 29. Nxf6+ gxf6 30. Rhf1 f5 31. Kf3 Kg7 32. Rde1 h5 33. Kf4 Kf6 34. Be2 Rh8 35. Bf3 Ba6 36. Rf2 Bc4 37. a3 b5 38. Re3 Rb7 39. Bd1 b4 40. cxb4 axb4 41. b3 Ba6 42. a4 Rc7 43. Rc2 Rxc2 44. Bxc2 Bf1 45. Re1 Bg2 46. Bd3 Be4 47. Be2 Bc2 48. a5 Bxb3 49. Rb1 Bc4 50. Bxc4 dxc4 51. Rxb4 Ra8 52. Rxc4 Rxa5 53. Rc3 Ra4 54. Ke3 Ra1 55. Rb3 Re1+ 56. Kf3 Rd1 57. Ke3 f4+ 58. gxf4 Rh1 59. Ke4 Rxh4 60. Rb6 Rh1 61. d5 Re1+ 62. Kf3 Rf1+ 63. Kg3 h4+ 64. Kg4 h3 65. Kxh3 Rxf4 66. dxe6 fxe6 67. Kg3 Rf5 68. Kg2 Rf4 69. Kg3 Rf1 70. Kg2 Rf5 71. Kg3 Ke5 72. Rb5+ Ke4 73. Rb4+ Kd3 74. Rb3+ Kd4 75. Rb4+ Kc5 76. Ra4 e5 77. Ra5+ Kd4 78. Ra4+ Kc5 79. Ra5+ Kb6 80. Rd5 Kc6 81. Ra5 Kd6 82. Ra6+ Kd5 83. Ra5+ Ke6 84. Ra6+ Kd7 85. Ra7+ Kd6 86. Ra6+ Kc5 87. Ra5+ 1/2-1/2

[Event "CCT Play-in Chessable Masters 2024"]
[Site "Online"]
[Date "2024.01.31"]
[Round "5"]
[White "MikaelyanArman"]
[Black "Matinian, Nikita"]
[Result "0-1"]
[WhiteElo "2348"]
[BlackElo "2418"]
[Annotator "RC"]
[PlyCount "108"]
[EventDate "2024.01.26"]
[EventType "swiss"]
[EventCountry "NET"]
[SourceTitle "playchess.com"]
[Source "ChessBase"]
[SourceQuality "1"]

1. e4 c5 2. Nf3 d6 3. Bb5+ Nd7 4. a4 Ngf6 5. Nc3 a6 6. Bc4 e6 7. O-O Be7 8. d4 cxd4 9. Nxd4 O-O 10. Be3 Ne5 11. Be2 Qc7 12. f4 Nc4 13. Bxc4 Qxc4 14. Qf3 e5 15. fxe5 dxe5 16. Nf5 Bxf5 17. Qxf5 Rac8 18. Qxe5 Rfe8 19. Qf5 Bb4 20. e5 Bxc3 21. bxc3 Qxc3 22. Bf4 Qd4+ 23. Kh1 Qe4 24. Qxe4 Nxe4 25. Rab1 Re7 26. Rb4 Nc3 27. h3 h6 28. Kh2 Nd5 29. Rb2 Rc4 30. Bg3 Rxa4 31. Rd1 Ne3 32. Re1 Nc4 33. Rb3 Ra2 34. Rc3 b5 35. Rf1 Rb2 36. h4 a5 37. h5 a4 38. Rd3 Rxc2 39. Rd8+ Kh7 40. e6 f6 41. Re1 a3 42. Ra8 a2 43. Rd1 Nb6 44. Rb8 Nc8 45. Rxb5 Rxe6 46. Ra5 Ree2 47. Kh3 Rxg2 48. Rd7 Rgd2 49. Rxd2 Rxd2 50. Kg4 Ne7 51. Bf4 Rc2 52. Kf3 Nd5 53. Bd6 Nc3 54. Bf4 Rb2 0-1

[Event "CCT Play-in Chessable Masters 2024"]
[Site "Online"]
[Date "2024.01.31"]
[Round "5"]
[White "Elsa167"]
[Black "Samadov, Read"]
[Result "1-0"]
[WhiteElo "2344"]
[BlackElo "2502"]
[Annotator "NA"]
[PlyCount "69"]
[EventDate "2024.01.26"]
[EventType "swiss"]
[EventCountry "NET"]
[SourceTitle "playchess.com"]
[Source "ChessBase"]
[SourceQuality "1"]

1. d4 Nf6 2. c4 g6 3. Nc3 Bg7 4. e4 d6 5. h3 O-O 6. Be3 Nc6 7. d5 Ne5 8. f4 Ned7 9. g4 c6 10. Nf3 cxd5 11. cxd5 b6 12. Nd4 Nc5 13. Qc2 Bb7 14. Bg2 Rc8 15. O-O Qd7 16. Rad1 a6 17. Qe2 b5 18. Nc6 Bxc6 19. dxc6 Qxc6 20. e5 Nfe4 21. Qc2 dxe5 22. Nxe4 Nxe4 23. Qxc6 Rxc6 24. Bxe4 Rc4 25. Bd5 Rc2 26. fxe5 e6 27. Bb3 Rxb2 28. Rfe1 Bxe5 29. Bc1 Bc3 30. Bxb2 Bxb2 31. Rd7 a5 32. Rf1 a4 33. Rdxf7 Re8 34. Bd1 Rd8 35. Rb7 1-0

[Event "CCT Play-in Chessable Masters 2024"]
[Site "Online"]
[Date "2024.01.31"]
[Round "5"]
[White "Nemegejas"]
[Black "zvonokchess"]
[Result "1-0"]
[WhiteElo "2180"]
[BlackElo "2546"]
[Annotator "RC"]
[PlyCount "89"]
[EventDate "2024.01.26"]
[EventType "swiss"]
[EventCountry "NET"]
[SourceTitle "playchess.com"]
[Source "ChessBase"]
[SourceQuality "1"]

1. d4 d5 2. c4 c6 3. Nf3 Nf6 4. e3 Bg4 5. Qb3 Qb6 6. Ne5 Bf5 7. cxd5 Qxb3 8. axb3 Nxd5 9. Nc3 Nb4 10. Ra4 e6 11. e4 Bg6 12. Bd2 Nd7 13. Nxg6 hxg6 14. Na2 Nc2+ 15. Kd1 b5 16. Kxc2 bxa4 17. bxa4 Bd6 18. h3 c5 19. d5 exd5 20. exd5 O-O 21. Bb5 Nf6 22. Bc6 Rab8 23. Be3 Be5 24. b3 Bd4 25. Bxd4 cxd4 26. Rd1 Rbc8 27. Kb2 Rfd8 28. Rxd4 Ne8 29. Re4 Nd6 30. Re7 a5 31. Ra7 Rb8 32. Ka3 Ne4 33. Rxa5 Nxf2 34. Nc3 Nd3 35. Ra7 Nb4 36. a5 Rdc8 37. Bb7 Rxc3 38. Kxb4 Rc7 39. a6 Kf8 40. Ra8 Rxa8 41. Bxa8 Ke7 42. Bc6 Kd6 43. Kb5 f5 44. Kb6 g5 45. a7 1-0